000 00785nam a22001817a 4500
008 121122t xxu||||| |||| 00| 0 eng d
020 _a9964301855
050 _aKRX1220.O24
100 _aFosu-Obeng, Patrick
245 _aIndustrial relations in Ghana: the law and practice. /
_cPatrick Fosu-Obeng
260 _aGhana:
_bGhana Universities Press,
_c1991.
300 _axv,152 p.:
_c24cm.
500 _aIncludes bibliographical references and index
505 _aContents: Historical development -- Theoretical framework -- Industrial relations law -- Industrial relations practice -- Other industrial relations systems -- Proposal for future action -- Appendices.
650 _a
_bLabor laws and legislation
_xGhana
650 _bIndustrial relations
_xGhana.
942 _2lcc
_cBK
999 _c2565
_d10065